[Event "Mecklenburg VP-ch U12"]
[Site "Malchow"]
[Date "2018.02.07"]
[Round "2.5"]
[White "Jonas, Tim"]
[Black "Janssen, Joris Frederik"]
[Result "1-0"]
[WhiteElo "1154"]
[BlackElo "1156"]
[PlyCount "89"]
[EventDate "2018.02.07"]
[EventType "swiss"]
[EventRounds "7"]
[EventCountry "GER"]
[SourceTitle "EXT 2022"]
[Source "ChessBase"]
[SourceDate "2021.10.06"]
[SourceVersion "1"]
[SourceVersionDate "2021.10.06"]
[SourceQuality "1"]

1. e4 c5 2. Bc4 Nc6 3. Nf3 Nf6 4. Nc3 e6 5. d4 Bd6 6. e5 Be7 7. exf6 Bxf6 8. Be3 d5 9. Bb5 Bd7 10. 0-0 0-0 11. Bxc6 Bxc6 12. Ne5 Be8 13. h3 Be7 14. dxc5 f6 15. Nf3 Bh5 16. b4 f5 17. Bd4 Qe8 18. a4 Qg6 19. Ne5 Qe8 20. Qd3 Bf6 21. Qg3 Rc8 22. Nb5 Qe7 23. Nxa7 Bh4 24. Nxc8 Qd8 25. Qd3 Qxc8 26. g3 Bg5 27. h4 Bh6 28. b5 Qd8 29. f4 Qe8 30. a5 Rf6 31. a6 g6 32. a7 Qe7 33. a8Q+ Bf8 34. Nd7 Rf7 35. c6 bxc6 36. Ra7 Qd6 37. Bc5 Qxc5+ 38. Nxc5 h6 39. Nxe6 g5 40. Rxf7 Bxf7 41. Qxf8+ Kh7 42. Qxf5+ Bg6 43. Nxg5+ hxg5 44. Qd7+ Bf7 45. Qdxf7# 1-0

[Event "Mecklenburg VP-ch U12"]
[Site "Malchow"]
[Date "2018.02.07"]
[Round "6.5"]
[White "Jonas, Tim"]
[Black "Schott, Andy"]
[Result "1/2-1/2"]
[WhiteElo "1154"]
[BlackElo "1080"]
[PlyCount "102"]
[EventDate "2018.02.07"]
[EventType "swiss"]
[EventRounds "7"]
[EventCountry "GER"]
[SourceTitle "EXT 2022"]
[Source "ChessBase"]
[SourceDate "2021.10.06"]
[SourceVersion "1"]
[SourceVersionDate "2021.10.06"]
[SourceQuality "1"]

1. e4 e5 2. Nf3 Nc6 3. Bc4 Bc5 4. c3 Nf6 5. d4 exd4 6. cxd4 Bb4+ 7. Bd2 Bxd2+ 8. Nbxd2 d5 9. e5 dxc4 10. exf6 Qxf6 11. Nxc4 0-0 12. 0-0 Re8 13. Re1 Bg4 14. Nce5 Nxe5 15. dxe5 Bxf3 16. exf6 Bxd1 17. Raxd1 gxf6 18. f4 Rxe1+ 19. Rxe1 Kf8 20. Rc1 c6 21. a4 Rd8 22. Rf1 Rd2 23. b3 Rd3 24. Rb1 Rd4 25. g3 Rb4 26. Kf2 a5 27. Ke3 b5 28. axb5 cxb5 29. Kd3 f5 30. Kc3 Kg7 31. Ra1 Re4 32. Rxa5 b4+ 33. Kd3 Kg6 34. Ra6+ f6 35. Rc6 Re1 36. Rc2 h5 37. Kc4 h4 38. Kxb4 hxg3 39. Kc5 gxh2 40. Rxh2 Rf1 41. Rh4 Rg1 42. Rh2 Rf1 43. b4 Rxf4 44. b5 Rf1 45. b6 Rc1+ 46. Kd6 Rb1 47. Kc7 Rc1+ 48. Kb8 f4 49. b7 Kg5 50. Ra2 f3 51. Ka8 Rb1 1/2-1/2

[Event "Mecklenburg VP-ch U12"]
[Site "Malchow"]
[Date "2018.02.07"]
[Round "7.1"]
[White "Tovmasyan, Minas"]
[Black "Jonas, Tim"]
[Result "1/2-1/2"]
[WhiteElo "1480"]
[BlackElo "1154"]
[PlyCount "37"]
[EventDate "2018.02.07"]
[EventType "swiss"]
[EventRounds "7"]
[EventCountry "GER"]
[SourceTitle "EXT 2022"]
[Source "ChessBase"]
[SourceDate "2021.10.06"]
[SourceVersion "1"]
[SourceVersionDate "2021.10.06"]
[SourceQuality "1"]

1. d4 d5 2. c4 e6 3. Nc3 Nc6 4. Nf3 Nf6 5. a3 Be7 6. Bf4 0-0 7. c5 b6 8. b4 Ba6 9. b5 bxc5 10. bxc6 Bd6 11. Bg3 Rb8 12. e3 c4 13. Nd2 h6 14. Be2 Qe7 15. Qc1 Rb6 16. Bxd6 Qxd6 17. h3 Qxc6 18. 0-0 Rfb8 19. Rb1 1/2-1/2

[Event "GER-chT U10"]
[Site "Magdeburg"]
[Date "2016.12.28"]
[Round "4.1"]
[White "Ihle, Jonte"]
[Black "Jonas, Tim"]
[Result "1/2-1/2"]
[WhiteElo "1133"]
[BlackElo "1062"]
[PlyCount "63"]
[EventDate "2016.12.27"]
[EventType "team-swiss"]
[EventRounds "7"]
[EventCountry "GER"]
[SourceTitle "EXT 2018"]
[Source "ChessBase"]
[SourceDate "2017.10.13"]
[SourceVersion "1"]
[SourceVersionDate "2017.10.13"]
[SourceQuality "1"]
[WhiteTeam "Niederkassel"]
[BlackTeam "Schwerin"]
[WhiteTeamCountry "GER"]
[BlackTeamCountry "GER"]

1. e4 e5 2. Nf3 Nc6 3. Bc4 Bc5 4. Nc3 Nf6 5. d3 0-0 6. Bg5 Be7 7. Qd2 h6 8. Bh4 a6 9. a3 b5 10. Bb3 Nd4 11. Nxd4 exd4 12. Ne2 c5 13. c3 Ng4 14. Bxe7 Qxe7 15. Bd5 Ra7 16. cxd4 cxd4 17. Nxd4 Qf6 18. Nf3 d6 19. h3 Ne5 20. Nxe5 dxe5 21. Qe3 Rc7 22. Rc1 Rxc1+ 23. Qxc1 Be6 24. Bxe6 Qxe6 25. 0-0 Rc8 26. Qd2 Qb3 27. Rc1 Rxc1+ 28. Qxc1 Qxd3 29. Qc8+ Kh7 30. Qxa6 Qb1+ 31. Kh2 Qxb2 32. f3 1/2-1/2

[Event "GER-chT U10"]
[Site "Magdeburg"]
[Date "2016.12.27"]
[Round "1.1"]
[White "Jonas, Tim"]
[Black "Korek, Jakob Alexander"]
[Result "0-1"]
[WhiteElo "1062"]
[BlackElo "1193"]
[PlyCount "44"]
[EventDate "2016.12.27"]
[EventType "team-swiss"]
[EventRounds "7"]
[EventCountry "GER"]
[SourceTitle "EXT 2018"]
[Source "ChessBase"]
[SourceDate "2017.10.13"]
[SourceVersion "1"]
[SourceVersionDate "2017.10.13"]
[SourceQuality "1"]
[WhiteTeam "Schwerin"]
[BlackTeam "Berlin Schachpinguine"]
[WhiteTeamCountry "GER"]
[BlackTeamCountry "GER"]

1. e4 c5 2. Nc3 Nc6 3. Nf3 d6 4. Bc4 Bg4 5. d3 e6 6. Be3 Ne5 7. Bb5+ Nc6 8. d4 a6 9. Bxc6+ bxc6 10. dxc5 dxc5 11. h3 Qxd1+ 12. Nxd1 Bxf3 13. gxf3 Nf6 14. e5 Nd5 15. a3 Rb8 16. f4 Nxe3 17. fxe3 Be7 18. 0-0 0-0 19. h4 f5 20. exf6 Bxf6 21. Ra2 Rbd8 22. Kf2 Bxh4+ 0-1